| 000 | 00397nam a2200169Ia 4500 | ||
|---|---|---|---|
| 001 | 18887 | ||
| 003 | IN-NITTTR | ||
| 005 | 20251114233219.0 | ||
| 008 | 251113s9999||||xx |||||||||||||| ||eng|| | ||
| 040 | _beng | ||
| 040 | _cIN-NITTTR | ||
| 041 | _aeng | ||
| 082 | _a004.6 F875C | ||
| 100 | _aFreer, John R | ||
| 245 | 0 |
_aComputer communications and networks. / _cFreer, John R |
|
| 942 |
_2ddc _cBK |
||
| 999 |
_c21521 _d21521 |
||